000
00186 a2200097 4500
020
_a
9780152017026
041
_a
spa
100
_a
Lois Ehlert
245
_a
Un lazo ala Luna
942
_c
BK
999
_c
13762
_d
13762